EFFECTS OF ADDING SWEET POTATO FLOUR ON BREAD QUALITY ឥទ្ធិពលនៃការបន្ថែមបរិមាណម្សៅដំឡូងជ្វាទៅលើគុណភាពនំប័ុង (Record no. 23558)

000 -LEADER
fixed length control field 00586nam a22001337a 4500
040 ## - CATALOGING SOURCE
Transcribing agency RUA
082 ## - DEWEY DECIMAL CLASSIFICATION NUMBER
Classification number AGI IEN 2020 B1.474 Or
100 ## - MAIN ENTRY--AUTHOR NAME
Personal name IEN SAVIN អៀន សាវីន
245 ## - TITLE STATEMENT
Title EFFECTS OF ADDING SWEET POTATO FLOUR ON BREAD QUALITY ឥទ្ធិពលនៃការបន្ថែមបរិមាណម្សៅដំឡូងជ្វាទៅលើគុណភាពនំប័ុង
260 ## - PUBLICATION, DISTRIBUTION, ETC. (IMPRINT)
Place of publication RUA
Name of publisher PHNOM PENH
Year of publication 2020
300 ## - PHYSICAL DESCRIPTION
Number of Pages x46p
Other physical details vii
Dimensions 29cm
856 ## - ELECTRONIC LOCATION AND ACCESS
Uniform Resource Identifier https://drive.google.com/file/d/1UQUlhWaEOmr_VwGysf0n9MzPn1ezytxI/view?usp=sharing
942 ## - ADDED ENTRY ELEMENTS (KOHA)
Koha item type AGI
952 ## - LOCATION AND ITEM INFORMATION (KOHA)
Withdrawn status [LOCAL, KOHA] 0
952 ## - LOCATION AND ITEM INFORMATION (KOHA)
Withdrawn status [LOCAL, KOHA] 0
952 ## - LOCATION AND ITEM INFORMATION (KOHA)
Withdrawn status [LOCAL, KOHA] 0
952 ## - LOCATION AND ITEM INFORMATION (KOHA)
Withdrawn status [LOCAL, KOHA] 0
Holdings
Permanent Location Date acquired Koha item type Lost status Shelving location Barcode Current Location Full call number
Library Block B2024-08-12AGI B1.474a080215Library Block BAGI IEN 2020 B1-474 Or.1
Library Block B2024-08-12AGI B1.474a080103Library Block BAGI IEN 2020 B1-474 Or.2
Library Block B2024-08-12AGI B1.474a080340Library Block BAGI IEN 2020 B1-474 Or.3
Library Block B2024-08-12AGI B1.474a080067Library Block BAGI IEN 2020 B1-474 Or.4
មជ្ឈមណ្ឌលឯការនៃសាកលវិទ្យាល័យភូមិន្ទកសិកម្មចំការដូង

Powered by Koha